[Event "Alexander the Great op 5th"]
[Site "Porto Carras"]
[Date "2013.05.10"]
[Round "5"]
[White "Lekatis, Ioannis"]
[Black "Grapsa, Georgia"]
[Result "1/2-1/2"]
[WhiteElo "1687"]
[BlackElo "1997"]
[PlyCount "98"]
[EventDate "2013.05.07"]
[EventType "swiss"]
[EventRounds "7"]
[EventCountry "GRE"]
[SourceTitle "CBM 154 Extra"]
[Source "ChessBase"]
[SourceDate "2013.06.25"]
[SourceVersion "2"]
[SourceVersionDate "2013.06.25"]
[SourceQuality "1"]

1. d4 Nf6 2. Nf3 b6 3. c4 e6 4. Nc3 Bb4 5. Qc2 Bb7 6. Bd2 0-0 7. e3 d5 8. cxd5 exd5 9. Bd3 Re8 10. 0-0 Nbd7 11. Nb5 Bxd2 12. Nxd2 Ba6 13. Rac1 c5 14. Nd6 Bxd3 15. Qxd3 Re6 16. Nf5 g6 17. Ng3 c4 18. Qa3 b5 19. Nf3 h6 20. Qb4 a5 21. Qd2 b4 22. a3 b3 23. Rfe1 Ne4 24. Qd1 f5 25. Ne2 g5 26. Nd2 Nb6 27. Nxe4 fxe4 28. Nc3 Qe7 29. Qg4 Kg7 30. Re2 Rf8 31. Rce1 Ref6 32. Rf1 Kg6 33. h4 Rf5 34. f4 exf3 35. Rxf3 h5 36. Qg3 g4 37. Rxf5 Rxf5 38. Qb8 Qf6 39. Qg3 Rf1+ 40. Kh2 Rc1 41. Rf2 Qe7 42. e4 Rc2 43. Rf5 Rxc3 44. Qxc3 Qxh4+ 45. Kg1 g3 46. Qe3 dxe4 47. Rxa5 Qg4 48. Qe1 Qh4 49. Qe3 Qg4 1/2-1/2

[Event "Thessaloniki Triandria op 5th"]
[Site "Thessaloniki"]
[Date "2012.04.18"]
[Round "2"]
[White "Lekatis, Ioannis"]
[Black "Lianas, Ioannis"]
[Result "0-1"]
[WhiteElo "1685"]
[BlackElo "2019"]
[PlyCount "83"]
[EventDate "2012.04.17"]
[EventType "swiss"]
[EventRounds "7"]
[EventCountry "GRE"]
[SourceTitle "EXT 2014"]
[Source "ChessBase"]
[SourceDate "2013.11.20"]
[SourceVersion "1"]
[SourceVersionDate "2013.11.20"]
[SourceQuality "1"]

1. d4 Nf6 2. Nf3 g6 3. Bg5 Bg7 4. c3 0-0 5. Nbd2 c5 6. e3 d6 7. dxc5 dxc5 8. Be2 Nc6 9. 0-0 Bf5 10. Qa4 h6 11. Bxf6 Bxf6 12. Rad1 Qa5 13. Qf4 Bg7 14. e4 Be6 15. a3 b5 16. Qe3 Qb6 17. Qd3 a6 18. Qc2 c4 19. Rfe1 Qc5 20. Nf1 a5 21. Ne3 Rfc8 22. Rc1 Rab8 23. Red1 Rc7 24. Nd5 Rd7 25. Ne3 Rbd8 26. Rxd7 Rxd7 27. Rd1 Rb7 28. Rc1 Ne5 29. Nd4 Bd7 30. Qd2 Nd3 31. Nb3 cxb3 32. Qxd3 b4 33. axb4 axb4 34. Qd5 Qa7 35. Nd1 Be6 36. Qd2 Rd7 37. Qe3 Qa2 38. Bd3 bxc3 39. Nxc3 Qxb2 40. Na4 Qa3 41. Nc5 Bd4 42. Qe2 0-1